Concepts and characteristics of knowledge-based systems. Selected and reviewed papers from the IFIP TC 10/WG 10.1 workshop. Mount Fuji, Japan, 9-12 November, 1987 /

Gespeichert in:
Bibliographische Detailangaben
Weitere Verfasser: Tokoro, M (Zusammenstellung)
Format: Buch
Sprache:Englisch
Veröffentlicht: Amsterdam : North-Holland, 1989
Tags: Tag hinzufügen
Keine Tags, Fügen Sie das erste Tag hinzu!

MARC

LEADER 00000nam a22000003a 4500
001 stu139
005 20150617225622.1
008 910328s1989----ne------------------eng-d
020 |a 0-444-88328-2 
040 |a STU  |b slo 
041 0 |a eng 
044 |a ne 
080 |a 681.322.06 
080 |a 519.685  |7 stu_us_auth*stu8263 
080 |a 519.71  |7 stu_us_auth*stu8254 
080 |a 061.3(08) 
100 1 |a Tokoro, M  |4 com 
245 1 |a Concepts and characteristics of knowledge-based systems. Selected and reviewed papers from the IFIP TC 10/WG 10.1 workshop. Mount Fuji, Japan, 9-12 November, 1987 /  |c Edit.: Tokoro,M. and o 
260 |a Amsterdam :  |b North-Holland,  |c 1989 
300 |a 505 s 
996 |b I4504  |c I*4504  |l II680  |s A  |a 24  |w stu139_0001